France - Les décès des présidents de la République - Statistiques

Statistiques générales
  • Ce quiz a été pris 25 fois
  • Le résultat moyen est 4 sur 23
Statistiques - réponses
Président Année de décèS Réponse % Correct
Mitterrand 1996 Cancer
87%
Pompidou 1974 Cancer
61%
Poher 1996 Cancer
35%
Carnot 1894 Assassiné
26%
Bonaparte 1873 Maladie des reins
26%
Doumer 1932 Assassiné
22%
Thiers 1877 Maladie du coeur
22%
Faure 1899 AVC
13%
De Gaulle 1970 AVC
13%
Giscard d'Estaing 2020 Covid-19
13%
Grévy 1891 Maladie des poumons
13%
Chirac 2019 Maladie des reins
13%
Deschanel 1922 Maladie des poumons
9%
Poincaré 1934 Maladie des poumons
9%
Mac Mahon 1893 Maladie des reins
9%
Casimir-Périer 1907 Maladie du coeur
9%
Fallières 1931 Maladie du coeur
9%
Coty 1962 Maladie du coeur
9%
Doumergue 1937 Maladie des poumons
4%
Lebrun 1950 Maladie des poumons
4%
Loubet 1929 Inconnue
0%
Auriol 1966 Inconnue
0%
Millerand 1943 Maladie de Parkinson
0%
Aucun quiz correspondant
Distribution des résultats
% des personnes avec chaque résultat
Percentile par nombre de réponses
Votre historique - résultats
Vous n’avez pas pris ce quiz